000 00305nam a2200121 4500
082 0 _a414
100 1 _aWatters, Kathie Swanson
245 1 0 _aThe status and function of tone in tira
_cKathie Swanson Watters
260 _cc.1993
300 _a140 p.
700 1 _aWatters, Kathie Swanson
942 _2ddc
_cBK
999 _c64204
_d64178